Software architecture interview questions / (Record no. 16216)

MARC details
000 -LEADER
fixed length control field 00920nam a22002537a 4500
005 - DATE AND TIME OF LATEST TRANSACTION
control field 20081004110540.0
008 - FIXED-LENGTH DATA ELEMENTS--GENERAL INFORMATION
fixed length control field 081004t xxu||||| |||| 00| 0 eng d
010 ## - LCCN (DPL NO)
LC control number ENG-91260
020 ## - INTERNATIONAL STANDARD BOOK NUMBER
International Standard Book Number 9788183332804
Terms of availability 195.00
035 ## - SYSTEM CONTROL NUMBER
System control number EN-74793
037 ## - SOURCE OF ACQUISITION
Source of stock number/acquisition DBAD / PUB
040 ## - CATALOGING SOURCE
Original cataloging agency dpl
Language of cataloging English
082 ## - DEWEY DECIMAL CLASSIFICATION NUMBER
Classification number 005.1
100 ## - MAIN ENTRY--PERSONAL NAME
Personal name Koirala, Shivprasad
245 ## - TITLE STATEMENT
Title Software architecture interview questions /
Statement of responsibility, etc by Shivprasad Koirala [and] Sham Sheikh
260 ## - PUBLICATION, DISTRIBUTION, ETC. (IMPRINT)
Place of publication, distribution, etc New Delhi
Name of publisher, distributor, etc BPB Publications
Date of publication, distribution, etc 2008
270 ## - ADDRESS
Address B-14, Cannaught Place,
City New Delh-110001
300 ## - PHYSICAL DESCRIPTION
Extent xxx,195p.
Dimensions 24 cm. (Pbk)
Accompanying material CD-ROM
650 ## - SUBJECT ADDED ENTRY--TOPICAL TERM
Topical term or geographic name as entry element Software architecture
650 ## - SUBJECT ADDED ENTRY--TOPICAL TERM
Topical term or geographic name as entry element System design
700 ## - ADDED ENTRY--PERSONAL NAME
Personal name Sheikh, Sham
942 ## - ADDED ENTRY ELEMENTS (KOHA)
Source of classification or shelving scheme Dewey Decimal Classification
Item type English Books
Call number suffix KOI
Classification part 005.1
Holdings
Withdrawn status Lost status Source of classification or shelving scheme Damaged status Not for loan Home library Current library Date acquired Source of acquisition Cost, normal purchase price Total Checkouts Full call number Barcode Date last seen Copy number Cost, replacement price Koha item type
    Dewey Decimal Classification   Not For Loan D.B.Act.Division D.B.Act.Division 04/10/2008 DBAD / PUB 195.00   005.1 KOI EN-74793 04/10/2008 1 195.00 English Books

© Delhi Public Library
Hit Counter
free hit counter